Feather - Sabrina Carpenter (Lyrics) - Statistics

General Stats
  • This quiz has been taken 27 times
  • The average score is 276 of 329
Answer Stats
Answer % Correct
a
100%
feel
100%
I
100%
like
100%
you
100%
your
100%
an
95%
feather
95%
lighter
95%
much
95%
no
95%
oh
95%
so
95%
act
90%
and
90%
for
90%
I'm
90%
it
90%
my
90%
of
90%
the
90%
door
86%
got
86%
it's
86%
more
86%
off
86%
slam
86%
when
86%
with
86%
are
81%
bitch
81%
blocked
81%
every
81%
hit
81%
ignore
81%
in
81%
life
81%
me
81%
mind
81%
not
81%
on
81%
out
81%
to
81%
where
81%
fit
76%
miss
76%
pic
76%
saying
76%
stereotype
76%
then
76%
through
76%
time
76%
waste
76%
you're
76%
after
71%
come
71%
cut
71%
dream
71%
feels
71%
good
71%
make
71%
memories
71%
mixed
71%
send
71%
signals
71%
sorry
71%
that
71%
whatever
71%
advance
67%
afterthought
67%
ah
67%
back
67%
finally
67%
floatin'
67%
hours
67%
loss
67%
never
67%
plans
67%
platter
67%
talk
67%
than
67%
true
67%
try
67%
two
67%
yeah
67%
pull
62%
carin'
57%
done
57%
duh
57%
excited
57%
this
57%
tonight
57%
want
57%
at
52%
pretending
52%
wine
52%
another
43%
take
43%
up
38%
hmm
14%
No matching quizzes found
Score Distribution
Percent of People with Each Score
Percentile by Number Answered
Your Score History
You have not taken this quiz